| 000 | 00384nam a22001337a 4500 | ||
|---|---|---|---|
| 082 | _aP-223 | ||
| 100 |
_aKashif Shahzad _947947 |
||
| 245 |
_aEvaluation of Refraction Survey Geological Pedictions in Kohat Tunnel Project _cOwais Tamimy |
||
| 260 |
_aMCE Risalpur _c13-05-2002 |
||
| 526 |
_a0 _b0 _c0 _dP_223 |
||
| 650 | _aProject | ||
| 700 |
_aDr Farhat Javed _947908 |
||
| 942 |
_2ddc _cBK |
||
| 999 |
_c551021 _d551021 |
||